[Event "European Individual Championship - Reyk"]
[Site "Reykjavik, Iceland"]
[Date "2021.08.26"]
[Round "1.1"]
[White "Jones, Gawain C B"]
[Black "Baltag, Iulian"]
[Result "1-0"]
[WhiteElo "2684"]
[BlackElo "2410"]
[PlyCount "109"]
[EventDate "2021.??.??"]

1. e4 {[%emt 0:00:01]} e6 {[%emt 0:00:29]} 2. d4 {[%emt 0:01:24]} d5 {[%emt 0:
00:23]} 3. e5 {[%emt 0:00:11]} c5 {[%emt 0:00:07]} 4. c3 {[%emt 0:00:07]} Nc6 {
[%emt 0:00:24]} 5. Nf3 {[%emt 0:01:37]} Qb6 {[%emt 0:00:27]} 6. Bd3 {[%emt 0:
01:28]} cxd4 {[%emt 0:00:44]} 7. O-O {[%emt 0:00:14]} Bd7 {[%emt 0:01:34]} 8.
Re1 {[%emt 0:01:00]} Nge7 {[%emt 0:04:00]} 9. h4 {[%emt 0:00:43]} Rc8 {[%emt 0:
04:54]} 10. h5 {[%emt 0:04:13]} h6 {[%emt 0:03:15]} 11. cxd4 {[%emt 0:25:33]}
Nb4 {[%emt 0:04:59]} 12. Nc3 {[%emt 0:01:57]} Nxd3 {[%emt 0:00:14]} 13. Qxd3 {
[%emt 0:00:05]} Nc6 {[%emt 0:00:17]} 14. Rb1 {[%emt 0:06:29]} Nb4 {[%emt 0:04:
02]} 15. Qd2 {[%emt 0:01:58]} Qa6 {[%emt 0:02:14]} 16. Re3 {[%emt 0:04:08]} Nc6
{[%emt 0:01:24]} 17. Nh2 {[%emt 0:09:55]} Qc4 {[%emt 0:03:07]} 18. Rd3 {
[%emt 0:02:47]} Nb4 {[%emt 0:20:12]} 19. Rf3 {[%emt 0:00:34]} Be7 {[%emt 0:02:
04]} 20. b3 {[%emt 0:07:00]} Qa6 {[%emt 0:01:13]} 21. a4 {[%emt 0:03:54]} Qb6 {
[%emt 0:06:13]} 22. Rg3 {[%emt 0:04:31]} Nc6 {[%emt 0:07:31]} 23. Ne2 {[%emt 0:
04:56]} Bf8 {[%emt 0:01:09]} 24. Qf4 {[%emt 0:01:53]} Nd8 {[%emt 0:01:16]} 25.
Nc3 {[%emt 0:01:32]} a6 {[%emt 0:01:40]} 26. Bd2 {[%emt 0:01:11]} Nc6 {[%emt 0:
03:34]} 27. Ne2 {[%emt 0:00:49]} Nd8 {[%emt 0:01:38]} 28. Rc1 {[%emt 0:00:36]}
Rxc1+ {[%emt 0:03:08]} 29. Nxc1 {[%emt 0:00:31]} Qc7 {[%emt 0:03:45]} 30. Rc3 {
[%emt 0:01:01]} Bc6 {[%emt 0:00:29]} 31. Nd3 {[%emt 0:05:29]} Qe7 {[%emt 0:02:
40]} 32. Qf3 {[%emt 0:02:12]} Qa3 {[%emt 0:01:19]} 33. Qd1 {[%emt 0:01:04]} Qe7
{[%emt 0:02:07]} 34. Ng4 {[%emt 0:00:57]} Qd7 {[%emt 0:01:54]} 35. Nc5 {
[%emt 0:01:13]} Qc8 {[%emt 0:01:06]} 36. Qc2 {[%emt 0:01:58]} Be7 {[%emt 0:02:
59]} 37. b4 {[%emt 0:00:27]} Qa8 {[%emt 0:03:34]} 38. Kh2 {[%emt 0:00:22]} b6 {
[%emt 0:03:39]} 39. Nxa6 {[%emt 0:00:25]} Qxa6 {[%emt 0:00:11]} 40. b5 {
[%emt 0:02:53]} Bxb5 {[%emt 0:00:21]} 41. axb5 {[%emt 0:00:07]} Qxb5 {[%emt 0:
00:12]} 42. Rc7 {[%emt 0:00:29]} Kf8 {[%emt 0:22:41]} 43. f3 {[%emt 0:07:21]}
Qe8 {[%emt 0:03:05]} 44. Kg1 {[%emt 0:01:05]} Qb5 {[%emt 0:01:20]} 45. Rc8 {
[%emt 0:03:33]} Ke8 {[%emt 0:02:04]} 46. Kh2 {[%emt 0:01:54]} Qd7 {[%emt 0:02:
07]} 47. Kh1 {[%emt 0:04:57]} Qb5 {[%emt 0:00:31]} 48. Qc7 {[%emt 0:02:27]}
Qb1+ {[%emt 0:02:30]} 49. Kh2 {[%emt 0:01:21]} f5 {[%emt 0:01:07]} 50. Rxd8+ {
[%emt 0:03:46]} Bxd8 {[%emt 0:00:10]} 51. Qxg7 {[%emt 0:00:07]} fxg4 {[%emt 0:
01:30]} 52. Qxh8+ {[%emt 0:00:10]} Kd7 {[%emt 0:00:24]} 53. Qg7+ {[%emt 0:00:
13]} Be7 {[%emt 0:00:20]} 54. fxg4 {[%emt 0:01:10]} b5 {[%emt 0:02:34]} 55.
Bxh6 {[%emt 0:00:57]} 1-0

[Event "European Individual Championship - Reyk"]
[Site "Reykjavik, Iceland"]
[Date "2021.08.26"]
[Round "1.2"]
[White "Maltsevskaya, Aleksandra"]
[Black "Sargissian, Gabriel"]
[Result "1/2-1/2"]
[WhiteElo "2409"]
[BlackElo "2682"]
[PlyCount "113"]
[EventDate "2021.??.??"]

1. e4 {[%emt 0:00:02]} e5 {[%emt 0:00:10]} 2. Nf3 {[%emt 0:00:08]} Nc6 {
[%emt 0:00:10]} 3. Bb5 {[%emt 0:00:08]} Nf6 {[%emt 0:01:08]} 4. O-O {[%emt 0:
02:30]} Nxe4 {[%emt 0:00:32]} 5. Re1 {[%emt 0:00:18]} Nd6 {[%emt 0:00:24]} 6.
Nxe5 {[%emt 0:00:20]} Be7 {[%emt 0:00:09]} 7. Bf1 {[%emt 0:00:15]} Nf5 {
[%emt 0:00:46]} 8. c3 {[%emt 0:01:56]} Nxe5 {[%emt 0:02:43]} 9. Rxe5 {[%emt 0:
00:07]} d6 {[%emt 0:00:09]} 10. Re1 {[%emt 0:00:12]} O-O {[%emt 0:00:35]} 11.
d4 {[%emt 0:00:44]} d5 {[%emt 0:01:41]} 12. Nd2 {[%emt 0:03:27]} Bd6 {[%emt 0:
03:26]} 13. Nf3 {[%emt 0:01:55]} c6 {[%emt 0:05:42]} 14. Bd3 {[%emt 0:07:35]}
Re8 {[%emt 0:02:44]} 15. Rxe8+ {[%emt 0:01:40]} Qxe8 {[%emt 0:00:09]} 16. Qc2 {
[%emt 0:00:25]} g6 {[%emt 0:00:31]} 17. Bg5 {[%emt 0:03:07]} Qf8 {[%emt 0:01:
14]} 18. Qd2 {[%emt 0:03:31]} f6 {[%emt 0:04:59]} 19. Bf4 {[%emt 0:00:53]} Bxf4
{[%emt 0:02:04]} 20. Qxf4 {[%emt 0:00:11]} Qd6 {[%emt 0:00:11]} 21. Qd2 {
[%emt 0:02:50]} Ng7 {[%emt 0:01:59]} 22. Re1 {[%emt 0:09:01]} Bg4 {[%emt 0:03:
03]} 23. Nh4 {[%emt 0:00:29]} g5 {[%emt 0:09:42]} 24. h3 {[%emt 0:01:57]} Bd7 {
[%emt 0:00:57]} 25. Nf3 {[%emt 0:00:09]} Re8 {[%emt 0:00:32]} 26. Qc2 {[%emt 0:
09:40]} Rxe1+ {[%emt 0:02:00]} 27. Nxe1 {[%emt 0:00:12]} h6 {[%emt 0:00:25]}
28. Nf3 {[%emt 0:06:35]} Qe7 {[%emt 0:10:50]} 29. c4 {[%emt 0:09:38]} dxc4 {
[%emt 0:02:37]} 30. Bxc4+ {[%emt 0:00:09]} Be6 {[%emt 0:03:48]} 31. b3 {
[%emt 0:00:34]} b5 {[%emt 0:16:14]} 32. Bxe6+ {[%emt 0:03:18]} Qxe6 {[%emt 0:
00:32]} 33. Qc5 {[%emt 0:01:23]} Qd7 {[%emt 0:00:26]} 34. a4 {[%emt 0:02:02]}
bxa4 {[%emt 0:03:18]} 35. bxa4 {[%emt 0:00:12]} Ne6 {[%emt 0:00:34]} 36. Qb4 {
[%emt 0:03:59]} Kf7 {[%emt 0:03:10]} 37. a5 {[%emt 0:03:19]} Qc8 {[%emt 0:06:
01]} 38. Nd2 {[%emt 0:10:24]} Qd7 {[%emt 0:02:02]} 39. Ne4 {[%emt 0:08:45]} Nf4
{[%emt 0:00:42]} 40. a6 {[%emt 0:00:37]} Qd5 {[%emt 0:09:42]} 41. Qb7+ {
[%emt 0:03:15]} Kg6 {[%emt 0:01:17]} 42. Qe7 {[%emt 0:06:21]} Qe6 {[%emt 0:01:
44]} 43. Qxe6 {[%emt 0:00:11]} Nxe6 {[%emt 0:00:04]} 44. Nd6 {[%emt 0:00:05]}
Nxd4 {[%emt 0:00:46]} 45. Nc8 {[%emt 0:07:52]} Nb5 {[%emt 0:01:02]} 46. Ne7+ {
[%emt 0:00:11]} Kf7 {[%emt 0:00:03]} 47. Nxc6 {[%emt 0:00:06]} Ke6 {[%emt 0:00:
21]} 48. Kh2 {[%emt 0:06:20]} Kd6 {[%emt 0:06:23]} 49. Nxa7 {[%emt 0:00:59]}
Nxa7 {[%emt 0:00:31]} 50. Kg3 {[%emt 0:00:09]} Ke6 {[%emt 0:14:03]} 51. Kg4 {
[%emt 0:02:15]} Kf7 {[%emt 0:00:07]} 52. Kh5 {[%emt 0:00:36]} Kg7 {[%emt 0:00:
06]} 53. h4 {[%emt 0:00:45]} gxh4 {[%emt 0:03:14]} 54. Kxh4 {[%emt 0:00:06]}
Kg6 {[%emt 0:00:14]} 55. g4 {[%emt 0:00:33]} Nc6 {[%emt 0:00:12]} 56. f4 {
[%emt 0:00:11]} f5 {[%emt 0:00:07]} 57. gxf5+ {[%emt 0:00:10]} 1/2-1/2

[Event "European Individual Championship - Reyk"]
[Site "Reykjavik, Iceland"]
[Date "2021.08.26"]
[Round "1.3"]
[White "Navara, David"]
[Black "Unuk, Laura"]
[Result "1-0"]
[WhiteElo "2675"]
[BlackElo "2407"]
[PlyCount "65"]
[EventDate "2021.??.??"]

1. e4 {[%emt 0:00:02]} e5 {[%emt 0:00:16]} 2. Nf3 {[%emt 0:00:04]} Nc6 {
[%emt 0:00:09]} 3. Bb5 {[%emt 0:00:05]} a6 {[%emt 0:00:23]} 4. Ba4 {[%emt 0:00:
06]} Nf6 {[%emt 0:00:16]} 5. O-O {[%emt 0:00:07]} b5 {[%emt 0:00:30]} 6. Bb3 {
[%emt 0:00:05]} Bc5 {[%emt 0:00:06]} 7. a4 {[%emt 0:00:06]} Rb8 {[%emt 0:00:45]
} 8. c3 {[%emt 0:00:17]} d6 {[%emt 0:00:06]} 9. d4 {[%emt 0:00:15]} Bb6 {
[%emt 0:00:06]} 10. a5 {[%emt 0:00:13]} Ba7 {[%emt 0:00:10]} 11. h3 {[%emt 0:
03:45]} O-O {[%emt 0:00:17]} 12. Be3 {[%emt 0:00:05]} Ra8 {[%emt 0:00:45]} 13.
Nbd2 {[%emt 0:00:18]} h6 {[%emt 0:00:22]} 14. Qe2 {[%emt 0:01:01]} exd4 {
[%emt 0:13:19]} 15. cxd4 {[%emt 0:02:26]} Nb4 {[%emt 0:00:46]} 16. d5 {[%emt 0:
12:01]} c6 {[%emt 0:11:43]} 17. dxc6 {[%emt 0:14:43]} Nxc6 {[%emt 0:05:15]} 18.
Rfc1 {[%emt 0:12:39]} Bxe3 {[%emt 0:21:29]} 19. Qxe3 {[%emt 0:00:28]} Nxa5 {
[%emt 0:00:40]} 20. Ba2 {[%emt 0:00:14]} Nb7 {[%emt 0:16:07]} 21. Nd4 {[%emt 0:
03:04]} Bd7 {[%emt 0:10:34]} 22. N2f3 {[%emt 0:07:05]} a5 {[%emt 0:09:10]} 23.
e5 {[%emt 0:03:42]} dxe5 {[%emt 0:00:09]} 24. Nxe5 {[%emt 0:00:09]} Nd6 {
[%emt 0:02:28]} 25. Qf4 {[%emt 0:02:01]} Ra6 {[%emt 0:02:03]} 26. Rd1 {[%emt 0:
20:09]} Qb8 {[%emt 0:00:32]} 27. Nxd7 {[%emt 0:02:26]} Nxd7 {[%emt 0:00:10]}
28. Rac1 {[%emt 0:00:12]} Qb7 {[%emt 0:04:32]} 29. Nf5 {[%emt 0:00:27]} Nc4 {
[%emt 0:01:21]} 30. Rxd7 {[%emt 0:01:07]} Qxd7 {[%emt 0:00:39]} 31. Qg4 {
[%emt 0:00:08]} Rg6 {[%emt 0:00:36]} 32. Nxh6+ {[%emt 0:00:08]} gxh6 {[%emt 0:
00:08]} 33. Qxd7 {[%emt 0:00:09]} 1-0

[Event "European Individual Championship - Reyk"]
[Site "Reykjavik, Iceland"]
[Date "2021.08.26"]
[Round "1.4"]
[White "Fruebing, Stefan"]
[Black "Bluebaum, Matthias"]
[Result "0-1"]
[WhiteElo "2406"]
[BlackElo "2674"]
[PlyCount "86"]
[EventDate "2021.??.??"]

1. e4 {[%emt 0:00:03]} e6 {[%emt 0:00:09]} 2. d4 {[%emt 0:00:09]} d5 {[%emt 0:
00:05]} 3. Nd2 {[%emt 0:00:15]} Be7 {[%emt 0:00:34]} 4. e5 {[%emt 0:00:26]} c5
{[%emt 0:00:09]} 5. c3 {[%emt 0:00:25]} cxd4 {[%emt 0:00:24]} 6. cxd4 {[%emt 0:
00:12]} Qb6 {[%emt 0:00:05]} 7. Ndf3 {[%emt 0:01:07]} Bb4+ {[%emt 0:00:19]} 8.
Bd2 {[%emt 0:00:37]} Nc6 {[%emt 0:00:12]} 9. Bc3 {[%emt 0:02:25]} f6 {[%emt 0:
00:53]} 10. Qd2 {[%emt 0:01:53]} fxe5 {[%emt 0:04:49]} 11. Bxb4 {[%emt 0:21:30]
} Qxb4 {[%emt 0:09:49]} 12. dxe5 {[%emt 0:01:07]} Qxd2+ {[%emt 0:04:20]} 13.
Kxd2 {[%emt 0:00:07]} Bd7 {[%emt 0:02:12]} 14. Bd3 {[%emt 0:08:42]} Nh6 {
[%emt 0:02:13]} 15. h3 {[%emt 0:12:28]} Nf7 {[%emt 0:04:00]} 16. Re1 {[%emt 0:
00:34]} O-O {[%emt 0:10:34]} 17. Re3 {[%emt 0:02:41]} Nh6 {[%emt 0:06:32]} 18.
Re1 {[%emt 0:06:14]} Be8 {[%emt 0:03:39]} 19. g4 {[%emt 0:14:45]} Nf7 {[%emt 0:
04:46]} 20. Re3 {[%emt 0:04:14]} Rd8 {[%emt 0:01:20]} 21. Rh2 {[%emt 0:04:02]}
h6 {[%emt 0:03:46]} 22. h4 {[%emt 0:01:15]} h5 {[%emt 0:09:21]} 23. gxh5 {
[%emt 0:07:07]} Nh6 {[%emt 0:00:02]} 24. Rg2 {[%emt 0:00:25]} Bxh5 {[%emt 0:11:
17]} 25. Ng5 {[%emt 0:00:14]} Rfe8 {[%emt 0:00:58]} 26. f4 {[%emt 0:02:13]} Nd4
{[%emt 0:00:16]} 27. N1f3 {[%emt 0:02:52]} Nxf3+ {[%emt 0:00:30]} 28. Rxf3 {
[%emt 0:00:35]} Bxf3 {[%emt 0:00:04]} 29. Nxf3 {[%emt 0:00:03]} Re7 {[%emt 0:
03:03]} 30. Nd4 {[%emt 0:00:42]} Rf8 {[%emt 0:00:34]} 31. Ke3 {[%emt 0:00:23]}
Nf7 {[%emt 0:00:04]} 32. h5 {[%emt 0:01:38]} Kh8 {[%emt 0:01:07]} 33. Rg6 {
[%emt 0:00:33]} Nd8 {[%emt 0:00:05]} 34. h6 {[%emt 0:00:36]} gxh6 {[%emt 0:01:
35]} 35. Rxh6+ {[%emt 0:00:06]} Kg8 {[%emt 0:00:02]} 36. Nf3 {[%emt 0:01:28]}
Rg7 {[%emt 0:01:29]} 37. Bg6 {[%emt 0:02:12]} Nf7 {[%emt 0:02:29]} 38. Bxf7+ {
[%emt 0:00:30]} Rgxf7 {[%emt 0:00:02]} 39. Ng5 {[%emt 0:02:10]} Rxf4 {[%emt 0:
00:27]} 40. Rg6+ {[%emt 0:00:41]} Kh8 {[%emt 0:00:01]} 41. Nxe6 {[%emt 0:03:56]
} Re4+ {[%emt 0:00:43]} 42. Kd3 {[%emt 0:02:52]} Rf3+ {[%emt 0:00:09]} 43. Kd2
{[%emt 0:00:05]} Rxe5 {[%emt 0:00:47]} 0-1

[Event "European Individual Championship - Reyk"]
[Site "Reykjavik, Iceland"]
[Date "2021.08.26"]
[Round "1.5"]
[White "Nisipeanu, Liviu-Dieter"]
[Black "Kaasen, Tor Fredrik"]
[Result "1/2-1/2"]
[WhiteElo "2671"]
[BlackElo "2406"]
[PlyCount "45"]
[EventDate "2021.??.??"]

1. d4 {[%emt 0:00:03]} Nf6 {[%emt 0:00:28]} 2. Nf3 {[%emt 0:00:06]} d5 {
[%emt 0:01:17]} 3. e3 {[%emt 0:03:43]} e6 {[%emt 0:02:23]} 4. Bd3 {[%emt 0:00:
29]} Bd6 {[%emt 0:03:30]} 5. O-O {[%emt 0:01:12]} O-O {[%emt 0:01:17]} 6. Nbd2
{[%emt 0:07:34]} c5 7. b3 {[%emt 0:00:50]} Nc6 {[%emt 0:06:33]} 8. Bb2 {
[%emt 0:00:25]} b6 {[%emt 0:02:20]} 9. Ne5 {[%emt 0:14:16]} Bb7 {[%emt 0:04:16]
} 10. f4 {[%emt 0:08:36]} Qe7 {[%emt 0:04:56]} 11. a3 {[%emt 0:01:27]} Rac8 {
[%emt 0:03:00]} 12. Rf3 {[%emt 0:07:52]} cxd4 {[%emt 0:12:53]} 13. exd4 {
[%emt 0:00:37]} g6 {[%emt 0:07:33]} 14. Rh3 {[%emt 0:11:39]} Nh5 {[%emt 0:05:
20]} 15. Qg4 {[%emt 0:06:42]} f5 {[%emt 0:06:31]} 16. Nxg6 {[%emt 0:02:16]}
hxg6 {[%emt 0:01:53]} 17. Qxg6+ {[%emt 0:00:07]} Ng7 {[%emt 0:00:19]} 18. Rh6 {
[%emt 0:16:27]} Bxf4 {[%emt 0:06:25]} 19. Qh7+ {[%emt 0:00:08]} Kf7 {[%emt 0:
00:06]} 20. Qg6+ {[%emt 0:00:03]} Kg8 {[%emt 0:00:06]} 21. Qh7+ {[%emt 0:00:04]
} Kf7 {[%emt 0:00:10]} 22. Qg6+ {[%emt 0:15:31]} Kg8 {[%emt 0:00:07]} 23. Qh7+
{[%emt 0:00:04]} 1/2-1/2

[Event "European Individual Championship - Reyk"]
[Site "Reykjavik, Iceland"]
[Date "2021.08.26"]
[Round "1.6"]
[White "Sousa, Andre Ventura"]
[Black "Grandelius, Nils"]
[Result "0-1"]
[WhiteElo "2405"]
[BlackElo "2666"]
[PlyCount "84"]
[EventDate "2021.??.??"]

1. e4 {[%emt 0:00:02]} c5 {[%emt 0:00:27]} 2. Nf3 {[%emt 0:00:07]} d6 {[%emt 0:
00:25]} 3. Bb5+ {[%emt 0:00:06]} Nd7 {[%emt 0:01:29]} 4. a4 {[%emt 0:00:13]}
Ngf6 {[%emt 0:08:27]} 5. Nc3 {[%emt 0:00:07]} g6 {[%emt 0:00:06]} 6. a5 {
[%emt 0:00:45]} Bg7 {[%emt 0:00:47]} 7. O-O {[%emt 0:07:13]} O-O {[%emt 0:00:
41]} 8. d3 {[%emt 0:03:36]} a6 {[%emt 0:16:29]} 9. Bc4 {[%emt 0:00:14]} b5 {
[%emt 0:00:15]} 10. axb6 {[%emt 0:02:18]} Nxb6 {[%emt 0:00:06]} 11. Ba2 {
[%emt 0:06:27]} Bb7 {[%emt 0:08:18]} 12. Qd2 {[%emt 0:09:24]} e6 {[%emt 0:07:
37]} 13. Qf4 {[%emt 0:20:34]} d5 {[%emt 0:03:11]} 14. Re1 {[%emt 0:03:08]} Nh5
{[%emt 0:10:05]} 15. Qg4 {[%emt 0:09:13]} d4 {[%emt 0:01:13]} 16. Nb1 {[%emt 0:
03:32]} e5 {[%emt 0:04:25]} 17. Na3 {[%emt 0:06:11]} Bc8 {[%emt 0:06:30]} 18.
Qg5 {[%emt 0:00:11]} Qd6 {[%emt 0:04:19]} 19. Nd2 {[%emt 0:05:03]} Be6 {
[%emt 0:06:20]} 20. Ndc4 {[%emt 0:06:11]} Nxc4 {[%emt 0:00:06]} 21. Nxc4 {
[%emt 0:02:20]} Qc7 {[%emt 0:00:14]} 22. Qd2 {[%emt 0:00:41]} Rfb8 {[%emt 0:03:
34]} 23. Qa5 {[%emt 0:00:57]} Qa7 {[%emt 0:05:24]} 24. Nd6 {[%emt 0:02:57]} Qd7
{[%emt 0:00:21]} 25. Bxe6 {[%emt 0:00:48]} Qxe6 {[%emt 0:00:02]} 26. Nc4 {
[%emt 0:00:10]} Bf8 {[%emt 0:00:43]} 27. Qc7 {[%emt 0:01:43]} f6 {[%emt 0:02:
09]} 28. Rf1 {[%emt 0:02:38]} Rb5 {[%emt 0:02:48]} 29. f4 {[%emt 0:03:43]} Ng7
{[%emt 0:02:08]} 30. Na3 {[%emt 0:00:36]} Ne8 {[%emt 0:01:56]} 31. Nxb5 {
[%emt 0:00:46]} axb5 {[%emt 0:00:05]} 32. Rxa8 {[%emt 0:01:29]} Nxc7 {[%emt 0:
00:02]} 33. Rb8 {[%emt 0:00:04]} Na6 {[%emt 0:03:34]} 34. Ra8 {[%emt 0:01:37]}
Qc6 {[%emt 0:00:16]} 35. Rd8 {[%emt 0:00:02]} Qb6 {[%emt 0:01:02]} 36. Rc8 {
[%emt 0:00:31]} Qb7 {[%emt 0:00:33]} 37. Rd8 {[%emt 0:00:22]} Qc7 {[%emt 0:01:
09]} 38. Ra8 {[%emt 0:00:18]} Nb8 {[%emt 0:00:43]} 39. fxe5 {[%emt 0:00:18]}
Qb7 {[%emt 0:00:39]} 40. Rxb8 {[%emt 0:02:56]} Qxb8 {[%emt 0:00:06]} 41. exf6 {
[%emt 0:00:09]} Kf7 {[%emt 0:02:05]} 42. Bf4 {[%emt 0:00:20]} Qa8 {[%emt 0:07:
16]} 0-1

[Event "European Individual Championship - Reyk"]
[Site "Reykjavik, Iceland"]
[Date "2021.08.26"]
[Round "1.7"]
[White "Lupulescu, Constantin"]
[Black "Krastev, Alexander"]
[Result "1/2-1/2"]
[WhiteElo "2659"]
[BlackElo "2389"]
[PlyCount "133"]
[EventDate "2021.??.??"]

1. d4 {[%emt 0:00:03]} Nf6 {[%emt 0:00:11]} 2. c4 {[%emt 0:00:04]} g6 {[%emt 0:
00:13]} 3. Nc3 {[%emt 0:00:05]} Bg7 {[%emt 0:00:03]} 4. e4 {[%emt 0:00:08]} d6
{[%emt 0:00:03]} 5. Be2 {[%emt 0:00:22]} O-O {[%emt 0:00:49]} 6. Be3 {[%emt 0:
00:23]} c5 {[%emt 0:03:15]} 7. d5 {[%emt 0:00:49]} e6 {[%emt 0:00:37]} 8. Nf3 {
[%emt 0:00:29]} exd5 {[%emt 0:00:28]} 9. cxd5 {[%emt 0:00:14]} b5 {[%emt 0:33:
03]} 10. e5 {[%emt 0:00:47]} Ng4 {[%emt 0:05:14]} 11. Bg5 {[%emt 0:06:03]} Qb6
{[%emt 0:20:46]} 12. exd6 {[%emt 0:02:02]} Re8 {[%emt 0:05:37]} 13. Be7 {
[%emt 0:09:52]} c4 {[%emt 0:07:40]} 14. O-O {[%emt 0:01:52]} Bb7 {[%emt 0:05:
04]} 15. a4 {[%emt 0:22:08]} a6 {[%emt 0:00:04]} 16. h3 {[%emt 0:06:39]} Nh6 {
[%emt 0:01:15]} 17. axb5 {[%emt 0:09:57]} axb5 {[%emt 0:00:05]} 18. Rxa8 {
[%emt 0:00:03]} Bxa8 {[%emt 0:00:06]} 19. g4 {[%emt 0:00:33]} Nd7 {[%emt 0:00:
36]} 20. Qd2 {[%emt 0:04:32]} Kh8 {[%emt 0:04:42]} 21. Ng5 {[%emt 0:10:25]} Be5
{[%emt 0:07:00]} 22. Nf3 {[%emt 0:05:18]} Bg7 {[%emt 0:00:05]} 23. Re1 {
[%emt 0:03:58]} Ng8 {[%emt 0:01:16]} 24. Bf1 {[%emt 0:03:17]} Qc5 {[%emt 0:01:
00]} 25. Qe3 {[%emt 0:06:24]} Qxe3 {[%emt 0:00:53]} 26. Rxe3 {[%emt 0:00:09]}
Bxc3 {[%emt 0:00:10]} 27. bxc3 {[%emt 0:00:36]} Bxd5 {[%emt 0:00:39]} 28. Nd4 {
[%emt 0:02:19]} Rb8 {[%emt 0:00:43]} 29. Bg2 {[%emt 0:02:28]} Bxg2 {[%emt 0:02:
46]} 30. Kxg2 {[%emt 0:00:04]} Kg7 {[%emt 0:00:36]} 31. g5 {[%emt 0:00:56]} h6
{[%emt 0:00:20]} 32. h4 {[%emt 0:00:32]} hxg5 {[%emt 0:00:05]} 33. hxg5 {
[%emt 0:00:02]} Rb6 {[%emt 0:01:02]} 34. Re4 {[%emt 0:02:26]} f5 {[%emt 0:00:
40]} 35. Re6 {[%emt 0:00:50]} Kf7 {[%emt 0:00:25]} 36. Bd8 {[%emt 0:00:29]} Rb7
{[%emt 0:00:30]} 37. Bc7 {[%emt 0:00:53]} b4 {[%emt 0:00:35]} 38. cxb4 {
[%emt 0:00:32]} Rxb4 {[%emt 0:00:05]} 39. Re2 {[%emt 0:00:27]} c3 {[%emt 0:00:
31]} 40. Ne6 {[%emt 0:00:33]} Rc4 {[%emt 0:00:50]} 41. Nd8+ {[%emt 0:02:46]}
Kf8 {[%emt 0:00:15]} 42. Ne6+ {[%emt 0:00:41]} Kf7 {[%emt 0:00:06]} 43. Nd8+ {
[%emt 0:00:07]} Kf8 {[%emt 0:00:05]} 44. Rc2 {[%emt 0:01:19]} Ke8 {[%emt 0:09:
01]} 45. Ba5 {[%emt 0:13:28]} Nb8 {[%emt 0:14:49]} 46. Ne6 {[%emt 0:03:47]} Kd7
{[%emt 0:04:04]} 47. Nf8+ {[%emt 0:00:52]} Kxd6 {[%emt 0:00:13]} 48. Rxc3 {
[%emt 0:03:36]} Rg4+ {[%emt 0:01:21]} 49. Kf1 {[%emt 0:00:36]} Nc6 {[%emt 0:01:
36]} 50. Rd3+ {[%emt 0:03:09]} Kc5 {[%emt 0:03:37]} 51. Bd2 {[%emt 0:00:22]}
Nge7 {[%emt 0:00:23]} 52. f3 {[%emt 0:02:29]} Rh4 {[%emt 0:00:30]} 53. Be3+ {
[%emt 0:00:45]} Kc4 {[%emt 0:00:29]} 54. Rd6 {[%emt 0:00:38]} f4 {[%emt 0:00:
36]} 55. Bf2 {[%emt 0:00:30]} Rh1+ {[%emt 0:00:19]} 56. Kg2 {[%emt 0:01:30]}
Rh5 {[%emt 0:00:26]} 57. Ne6 {[%emt 0:00:14]} Kb5 {[%emt 0:00:48]} 58. Rd1 {
[%emt 0:01:11]} Nb4 {[%emt 0:00:29]} 59. Rd8 {[%emt 0:00:42]} Nbd5 {[%emt 0:00:
24]} 60. Kg1 {[%emt 0:00:40]} Kc4 {[%emt 0:00:21]} 61. Ra8 {[%emt 0:01:28]} Kd3
62. Ra3+ Kc4 63. Ra4+ {[%emt 0:00:39]} Kb5 {[%emt 0:00:47]} 64. Re4 {[%emt 0:
00:52]} Kc6 {[%emt 0:00:26]} 65. Bd4 {[%emt 0:00:29]} Nf5 {[%emt 0:00:23]} 66.
Bf6 {[%emt 0:00:37]} Ng3 {[%emt 0:00:27]} 67. Re1 {[%emt 0:00:50]} 1/2-1/2

[Event "European Individual Championship - Reyk"]
[Site "Reykjavik, Iceland"]
[Date "2021.08.26"]
[Round "1.8"]
[White "D`costa, Lorin"]
[Black "Donchenko, Alexander"]
[Result "0-1"]
[WhiteElo "2381"]
[BlackElo "2657"]
[PlyCount "88"]
[EventDate "2021.??.??"]

1. Nf3 {[%emt 0:00:05]} d5 {[%emt 0:01:19]} 2. g3 {[%emt 0:02:18]} c5 {[%emt 0:
03:32]} 3. c4 {[%emt 0:09:12]} d4 {[%emt 0:00:43]} 4. b4 {[%emt 0:04:24]} cxb4
{[%emt 0:00:35]} 5. a3 {[%emt 0:00:21]} e6 {[%emt 0:00:40]} 6. Bg2 {[%emt 0:02:
05]} Nc6 {[%emt 0:00:51]} 7. d3 {[%emt 0:04:06]} Nf6 {[%emt 0:11:05]} 8. O-O {
[%emt 0:02:11]} bxa3 {[%emt 0:04:53]} 9. Qa4 {[%emt 0:04:48]} Nd7 {[%emt 0:03:
46]} 10. Bxa3 {[%emt 0:08:07]} Be7 {[%emt 0:04:06]} 11. Nbd2 {[%emt 0:06:04]}
O-O {[%emt 0:01:17]} 12. Rfb1 {[%emt 0:07:04]} Nc5 {[%emt 0:07:15]} 13. Qb5 {
[%emt 0:17:26]} a6 {[%emt 0:03:25]} 14. Qb6 {[%emt 0:04:17]} Qxb6 {[%emt 0:02:
24]} 15. Rxb6 {[%emt 0:00:09]} Ra7 {[%emt 0:01:08]} 16. Ne1 {[%emt 0:09:38]}
Nb8 {[%emt 0:04:00]} 17. Nc2 {[%emt 0:02:41]} e5 {[%emt 0:05:12]} 18. Rbb1 {
[%emt 0:10:09]} Nbd7 {[%emt 0:04:47]} 19. e3 {[%emt 0:01:38]} Rd8 {[%emt 0:06:
00]} 20. exd4 {[%emt 0:01:26]} exd4 {[%emt 0:00:03]} 21. Ne4 {[%emt 0:01:29]}
Bf8 {[%emt 0:11:48]} 22. Nxd4 {[%emt 0:00:54]} Nxe4 {[%emt 0:00:54]} 23. Bxe4 {
[%emt 0:00:32]} Nc5 {[%emt 0:04:56]} 24. Nb3 {[%emt 0:00:48]} Nxe4 {[%emt 0:02:
20]} 25. dxe4 {[%emt 0:00:06]} Bxa3 {[%emt 0:03:09]} 26. Rxa3 {[%emt 0:00:02]}
b6 {[%emt 0:04:31]} 27. c5 {[%emt 0:01:17]} b5 {[%emt 0:01:33]} 28. Na5 {
[%emt 0:00:29]} Rc7 {[%emt 0:00:55]} 29. c6 {[%emt 0:00:20]} Rd4 {[%emt 0:00:
45]} 30. f3 {[%emt 0:00:34]} Kf8 {[%emt 0:00:26]} 31. Rbb3 {[%emt 0:00:38]}
Rd1+ {[%emt 0:00:41]} 32. Kf2 {[%emt 0:00:23]} Rd2+ {[%emt 0:00:03]} 33. Ke3 {
[%emt 0:00:23]} Rxh2 {[%emt 0:00:18]} 34. Kd4 {[%emt 0:00:39]} Be6 {[%emt 0:02:
27]} 35. Kc5 {[%emt 0:00:29]} Bxb3 {[%emt 0:01:07]} 36. Rxb3 {[%emt 0:00:24]}
Ra2 {[%emt 0:02:28]} 37. Kb6 {[%emt 0:00:32]} Rc8 38. Nb7 {[%emt 0:00:38]} Rc2
{[%emt 0:00:19]} 39. Nc5 {[%emt 0:00:29]} h5 {[%emt 0:01:10]} 40. Rd3 {[%emt 0:
00:29]} b4 {[%emt 0:02:31]} 41. e5 {[%emt 0:25:34]} a5 {[%emt 0:07:16]} 42. Rd5
{[%emt 0:03:25]} b3 {[%emt 0:03:06]} 43. Kb7 {[%emt 0:00:48]} b2 {[%emt 0:00:
48]} 44. Kxc8 {[%emt 0:01:27]} Kg8 {[%emt 0:07:01]} 0-1